Biochemistry and molecular biology of plant disease resistance (Record no. 123845)

MARC details
000 -LEADER
fixed length control field 00577nam a2200229Ia 4500
008 - FIXED-LENGTH DATA ELEMENTS--GENERAL INFORMATION
fixed length control field 210210b2019 xxu||||| |||| 00| 0 eng d
020 ## - INTERNATIONAL STANDARD BOOK NUMBER
International Standard Book Number 9788127260736
041 ## - LANGUAGE CODE
Language code of text/sound track or separate title eng
082 ## - DEWEY DECIMAL CLASSIFICATION NUMBER
Classification number 574.192 KATB
100 ## - MAIN ENTRY--PERSONAL NAME
Personal name KATOCH (Rajan)
245 ## - TITLE STATEMENT
Title Biochemistry and molecular biology of plant disease resistance
260 ## - PUBLICATION, DISTRIBUTION, ETC.
Place of publication, distribution, etc. Ludhiana
Name of publisher, distributor, etc. Kalyani Publishers
Date of publication, distribution, etc. 2019
300 ## - PHYSICAL DESCRIPTION
Extent xii,400
650 ## - SUBJECT ADDED ENTRY--TOPICAL TERM
Topical term or geographic name entry element resistance
650 ## - SUBJECT ADDED ENTRY--TOPICAL TERM
Topical term or geographic name entry element plant
650 ## - SUBJECT ADDED ENTRY--TOPICAL TERM
Topical term or geographic name entry element molecular
650 ## - SUBJECT ADDED ENTRY--TOPICAL TERM
Topical term or geographic name entry element disease
650 ## - SUBJECT ADDED ENTRY--TOPICAL TERM
Topical term or geographic name entry element biology
650 ## - SUBJECT ADDED ENTRY--TOPICAL TERM
Topical term or geographic name entry element Biochemistry
690 ## - LOCAL SUBJECT ADDED ENTRY--TOPICAL TERM (OCLC, RLIN)
Topical term or geographic name as entry element Biochemistry
906 ## - LOCAL DATA ELEMENT F, LDF (RLIN)
a 074136
Holdings
Withdrawn status Lost status Source of classification or shelving scheme Damaged status Not for loan Collection code Home library Current library Date acquired Source of acquisition Cost, normal purchase price Total Checkouts Full call number Barcode Date last seen Price effective from Koha item type
    Dewey Decimal Classification     Bio Chemistry St Aloysius Library St Aloysius Library 02/17/2021 Sapna Book House Pvt Ltd, K S Rao Road, Mangalore 275.00   574.192 KATB 074136 02/17/2021 02/17/2021 Book